countries with the most dog ownership - Statistics

General Stats
  • This quiz has been taken 23 times
    15 since last reset
  • The average score is 7 of 10
Answer Stats
Hint Answer % Correct
75.8m USA
100%
10.2 India
86%
15m Russia
86%
27.4m China
79%
7.4m "France"
79%
36.7m Brazil
71%
12m Japan
71%
9.2m Argentina
64%
11.6m Phillippines
43%
4.1m Romania
14%
No matching quizzes found
Score Distribution
Percent of People with Each Score
Percentile by Number Answered
Your Score History
You have not taken this quiz since the last reset